Competencia en los procesos de familia : (Registro nro. 5791)
[ vista simple ]
| 000 -LEADER | |
|---|---|
| fixed length control field | 01125nab a22002177a 4500 |
| 003 - CONTROL NUMBER IDENTIFIER | |
| control field | OSt |
| 005 - DATE AND TIME OF LATEST TRANSACTION | |
| control field | 20260106192550.0 |
| 008 - FIXED-LENGTH DATA ELEMENTS--GENERAL INFORMATION | |
| fixed length control field | 190514b xxu||||| |||| 00| 0 spa d |
| 040 ## - CATALOGING SOURCE | |
| Transcribing agency | PJ |
| 100 ## - MAIN ENTRY--PERSONAL NAME | |
| 9 (RLIN) | 6699 |
| Personal name | Petrina, María Anahí |
| 245 10 - TITLE STATEMENT | |
| Title | Competencia en los procesos de familia : |
| Remainder of title | entre el principio perpetuatio juridisdictionis y los principios de inmediación y de tutela judicial efectiva / |
| Statement of responsibility, etc | María Anahí Petrina. |
| 300 ## - PHYSICAL DESCRIPTION | |
| Extent | p. 24-29 |
| 505 ## - FORMATTED CONTENTS NOTE | |
| Formatted contents note | Sumario: I. Introducción.— II. La competencia en el Cód. Civ. y Com.— III. El principio perpetuatio jurisdictionis.— IV. El principio de inmediación y el centro de vida.— V. Un reciente fallo de la Corte Suprema de Justicia de la Nación.— VI. Conclusión. |
| 505 ## - FORMATTED CONTENTS NOTE | |
| Title | Si te interesa el texto, comunicate a koha@justierradelfuego.gov.ar |
| 650 #0 - SUBJECT ADDED ENTRY--TOPICAL TERM | |
| 9 (RLIN) | 967 |
| Topical term or geographic name as entry element | DERECHO DE FAMILIA |
| 650 #0 - SUBJECT ADDED ENTRY--TOPICAL TERM | |
| Topical term or geographic name as entry element | PROCESOS DE FAMILIA |
| 9 (RLIN) | 3874 |
| 650 #0 - SUBJECT ADDED ENTRY--TOPICAL TERM | |
| Topical term or geographic name as entry element | TUTELA JUDICIAL EFECTIVA |
| 9 (RLIN) | 3637 |
| 650 #0 - SUBJECT ADDED ENTRY--TOPICAL TERM | |
| Topical term or geographic name as entry element | COMPETENCIA DE FAMILIA |
| 9 (RLIN) | 6697 |
| 773 0# - HOST ITEM ENTRY | |
| Host Biblionumber | 2844 |
| Host Itemnumber | 3222 |
| Place, publisher, and date of publication | Buenos Aires : AbeledoPerrot, 1989- |
| Title | Derecho de familia. N° 116 - Septiembre 2024 |
| International Standard Book Number | 18511201 |
| 942 ## - ADDED ENTRY ELEMENTS (KOHA) | |
| Source of classification or shelving scheme | |
| Koha item type | Analítica Artículo de Revista |
No hay ítems disponibles.
